The systems view of the world. A holistic vision for our time

Đã lưu trong:
Chi tiết về thư mục
Tác giả chính: Laszlo, Ervin (Tác giả)
Định dạng: Sách
Ngôn ngữ:Tiếng Anh
Được phát hành: Nueva York Hampton Press 1996
Loạt:Advances in Systems Theory, Complexity, and the Human Sciences
Những chủ đề:
Các nhãn: Thêm thẻ
Không có thẻ, Là người đầu tiên thẻ bản ghi này!

MARC

LEADER 00000nam a2200000 a 4500
001 UCI5303
003 CL-VaPUC
008 080320e19960000us |||||||||||||||||eng|d
020 |a 1572730536 
082 0 4 |a 501  |b LAS  |2 21 
100 |a Laszlo, Ervin  |e author  |9 552935 
245 1 4 |a The systems view of the world. A holistic vision for our time 
300 |a 103 p 
942 |c BK 
945 |d 20080320 00:00:00  |a rbrito 
260 |a Nueva York  |b Hampton Press  |c 1996 
650 0 |a Filosofía de las ciencias  |9 256466 
650 7 |a TEORIAS DE SISTEMAS  |2 CL-VaPUC  |9 455696 
650 0 |a Evolución social  |9 260808 
650 7 |a TEORIAS DE SISTEMAS  |2 CL-VaPUC  |9 455696 
583 |a last modification  |c 20171017 12:25:52  |k Rodrigo Vera 
490 0 |a Advances in Systems Theory, Complexity, and the Human Sciences 
999 |c 329056  |d 329054 
952 |0 0  |1 0  |4 0  |6 501_000000000000000_LAS_1996  |7 0  |8 A  |9 413362  |a BIBING  |b BIBING  |d 2019-11-22  |i 4417704  |o 501 LAS 1996  |p 4417704  |r 2025-01-20  |w 2019-11-22  |y BK  |k EII